[Event "Plzen, FSB A"]
[Site "?"]
[Date "2004.??.??"]
[Round "7.53"]
[White "Vojir sr., V."]
[Black "Kovarik, J."]
[Result "1-0"]
[WhiteElo "1721"]
[BlackElo "1959"]
[PlyCount "111"]
[EventDate "2004.??.??"]
[Source "ChessBase"]
[SourceDate "1996.11.15"]

1. d4 Nf6 2. Bf4 e6 3. e3 c5 4. c3 Nc6 5. Bd3 Be7 6. h3 a6 7. Nf3 b5 8. a3 Bb7
9. O-O O-O 10. Nbd2 d5 11. Re1 Rc8 12. Ne5 Nxe5 13. Bxe5 Nd7 14. Bg3 f5 15. f4
Nf6 16. Bh4 Ne4 17. Bxe7 Qxe7 18. Nf3 Rf6 19. Kh2 Rh6 20. Rf1 Qf6 21. Qe1 Nd6
22. Rg1 c4 23. Bc2 Qe7 24. g4 Rf6 25. h4 Kh8 26. g5 Rff8 27. Rg3 Bc6 28. h5 Be8
29. Rh3 Kg8 30. Qh4 Qb7 31. Ne5 a5 32. h6 g6 33. Rf3 Bc6 34. Rff1 Rc7 35. Rfb1
Rb8 36. Qe1 Be8 37. Ra2 Qc8 38. Rc1 Rcb7 39. Rca1 Kh8 40. Qc1 b4 41. axb4 axb4
42. Ra7 bxc3 43. Rxb7 Qxb7 44. bxc3 Qb2 45. Rb1 Qxc1 46. Rxc1 Rb2 47. Kg3 Nb5
48. Bd1 Rd2 49. Ba4 Ra2 50. Bxb5 Bxb5 51. Rb1 Ra5 52. Nc6 Ra8 53. Rxb5 Kg8 54.
Rb8+ Rxb8 55. Nxb8 Kf7 56. Nd7 1-0

[Event "Plzen, FSB A"]
[Site "?"]
[Date "2004.??.??"]
[Round "8.1"]
[White "Berescu, A."]
[Black "Zawadzki, S."]
[Result "1-0"]
[WhiteElo "2404"]
[BlackElo "2428"]
[PlyCount "89"]
[EventDate "2004.??.??"]
[Source "ChessBase"]
[SourceDate "1996.11.15"]

1. e4 c5 2. Nf3 d6 3. d4 cxd4 4. Nxd4 Nf6 5. Nc3 Nc6 6. Bg5 e6 7. Qd2 a6 8.
O-O-O Bd7 9. f4 h6 10. Bh4 g5 11. fxg5 Ng4 12. Be2 Nge5 13. Nf3 Be7 14. Rhf1
hxg5 15. Bg3 b5 16. Qe3 f6 17. Nd5 Nf7 18. Nxe7 Qxe7 19. h4 gxh4 20. Bxh4 e5
21. g3 Rh6 22. Nh2 Nd4 23. Ng4 Rc8 24. Rxd4 exd4 25. Qxh6 Bxg4 26. Qd2 Bxe2 27.
Qxe2 Qe6 28. Kb1 Kf8 29. Bxf6 Re8 30. Bxd4 Qxe4 31. Qf2 Qg6 32. b3 Re4 33. Bb2
Qe6 34. Qd2 Ke8 35. Qc3 Kd7 36. a3 Ne5 37. Qa5 d5 38. Bxe5 Rxe5 39. Rf8 Qe7 40.
Ra8 Re1+ 41. Ka2 Qe5 42. Qd8+ Ke6 43. Qe8+ Kf5 44. Qh5+ Ke4 45. Qxe5+ 1-0

[Event "Plzen, FSB A"]
[Site "?"]
[Date "2004.??.??"]
[Round "8.2"]
[White "Heinzel, O."]
[Black "Fiala, R."]
[Result "1-0"]
[WhiteElo "2402"]
[BlackElo "2324"]
[PlyCount "94"]
[EventDate "2004.??.??"]
[Source "ChessBase"]
[SourceDate "1996.11.15"]

1. Nf3 d5 2. d4 Nf6 3. Bf4 Bf5 4. e3 e6 5. Bd3 Bg6 6. Ne5 Nh5 7. Bxg6 hxg6 8.
Qd3 c6 9. h3 Nxf4 10. exf4 Nd7 11. Nd2 Nxe5 12. fxe5 Qb6 13. O-O Be7 14. f4 c5
15. dxc5 Qxc5+ 16. Kh1 O-O 17. c3 Rfd8 18. g4 Qb6 19. Nb3 Qc7 20. Rae1 Qc4 21.
Qf3 Rf8 22. f5 a5 23. f6 Bd8 24. Nd4 Bb6 25. Rd1 Qc7 26. Qe3 gxf6 27. exf6 Kh7
28. Qe1 Rh8 29. Nf3 Kg8 30. Kg2 Qd6 31. Qe5 Qxe5 32. Nxe5 Bc7 33. Nf3 Bf4 34.
Rd4 Be3 35. Rd3 Bf4 36. h4 Rc8 37. g5 Rc4 38. b3 Re4 39. c4 dxc4 40. bxc4 Rxc4
41. Rd7 e5 42. Rxb7 e4 43. Rd1 Rc2+ 44. Kh3 Rc7 45. Rxc7 Bxc7 46. Nd4 Kh7 47.
Nb5 Bd8 1-0

[Event "Plzen, FSB A"]
[Site "?"]
[Date "2004.??.??"]
[Round "8.3"]
[White "Hagarova, Z."]
[Black "Novak, P."]
[Result "1-0"]
[WhiteElo "2330"]
[BlackElo "2323"]
[PlyCount "69"]
[EventDate "2004.??.??"]
[Source "ChessBase"]
[SourceDate "1996.11.15"]

1. e4 c5 2. Nf3 Nc6 3. Nc3 e5 4. Bc4 Be7 5. d3 d6 6. O-O Nf6 7. Ng5 O-O 8. f4
exf4 9. Bxf4 h6 10. Nf3 Be6 11. Nd5 b5 12. Bb3 Rc8 13. Qe2 Ng4 14. c3 Nge5 15.
Rad1 Kh7 16. d4 Nxf3+ 17. Qxf3 cxd4 18. cxd4 Bg5 19. Qd3 a6 20. Bxd6 Re8 21.
e5+ Kh8 22. Nf4 Bc4 23. Bxc4 bxc4 24. Qf5 Qb6 25. Qxf7 Bxf4 26. Qxf4 Qxb2 27.
Rf2 Qb7 28. Qe4 c3 29. h3 Qd7 30. Qg6 Ne7 31. Qd3 Nd5 32. Rdf1 Qb5 33. Qg6 c2
34. Bf8 Qd7 35. Rf7 1-0

[Event "Plzen, FSB A"]
[Site "?"]
[Date "2004.??.??"]
[Round "8.4"]
[White "Cvek, R."]
[Black "Plischki, S."]
[Result "1/2-1/2"]
[WhiteElo "2461"]
[BlackElo "2325"]
[PlyCount "37"]
[EventDate "2004.??.??"]
[Source "ChessBase"]
[SourceDate "1996.11.15"]

1. Nf3 Nf6 2. c4 c5 3. e3 g6 4. d4 cxd4 5. exd4 d5 6. Nc3 Bg7 7. Bg5 Be6 8.
Bxf6 Bxf6 9. c5 Bg4 10. Qa4+ Nc6 11. Be2 Bxf3 12. Bxf3 e6 13. Rd1 O-O 14. O-O
Qa5 15. Qxa5 Nxa5 16. Ne2 Nc6 17. a3 a5 18. b3 b6 19. cxb6 1/2-1/2

[Event "Plzen, FSB A"]
[Site "?"]
[Date "2004.??.??"]
[Round "8.5"]
[White "Neuman, P."]
[Black "Ionica, I."]
[Result "1-0"]
[WhiteElo "2428"]
[BlackElo "2264"]
[PlyCount "133"]
[EventDate "2004.??.??"]
[Source "ChessBase"]
[SourceDate "1996.11.15"]

1. d4 Nf6 2. c4 Nc6 3. Nf3 e6 4. Nc3 Bb4 5. Qc2 O-O 6. Bd2 d6 7. a3 Bxc3 8.
Bxc3 Qe7 9. b4 e5 10. dxe5 Nxe5 11. e3 Bg4 12. Be2 Rfe8 13. O-O Bh5 14. Rfd1
Bg6 15. Qb2 Ne4 16. Be1 Rad8 17. Nd4 Nf6 18. Rac1 c6 19. f3 d5 20. cxd5 Nxd5
21. e4 Nf4 22. Bf1 Qg5 23. Bg3 Nh5 24. Qd2 Qe7 25. Bf2 Nf6 26. Qb2 h5 27. Nb3
Rxd1 28. Rxd1 b6 29. h3 Ned7 30. Qc3 c5 31. bxc5 bxc5 32. Qa5 Rb8 33. Nxc5 Nb6
34. Na6 Rc8 35. Nb4 Qc7 36. Ba6 Re8 37. Qc5 Qf4 38. Be3 Qg3 39. Qg5 Qc7 40. Rc1
Qd6 41. Qc5 Qg3 42. Bf2 Qf4 43. Qe3 Qd6 44. Re1 Qc7 45. Qc1 Qd6 46. Be3 Nfd7
47. Qd2 Qe6 48. Bb5 Rb8 49. Rd1 Qb3 50. Bxd7 Nxd7 51. Qd3 Qxd3 52. Rxd3 Nb6 53.
Nc6 Rb7 54. Rb3 f6 55. Nxa7 Rxa7 56. Bxb6 Ra4 57. Bc5 Ra8 58. Kf2 Be8 59. Ke3
Bc6 60. Rc3 Ra6 61. Bb4 Kf7 62. Rc5 g6 63. h4 Ke6 64. g4 Be8 65. Rc7 Bd7 66.
gxh5 gxh5 67. f4 1-0

[Event "Plzen, FSB A"]
[Site "?"]
[Date "2004.??.??"]
[Round "8.6"]
[White "Cernousek, L."]
[Black "Folk, P."]
[Result "1-0"]
[WhiteElo "2378"]
[BlackElo "2245"]
[PlyCount "107"]
[EventDate "2004.??.??"]
[Source "ChessBase"]
[SourceDate "1996.11.15"]

1. e4 c5 2. Nf3 Nc6 3. d4 cxd4 4. Nxd4 e6 5. Nc3 Qc7 6. Be3 a6 7. Bd3 Nf6 8.
O-O Ne5 9. f4 Neg4 10. Bd2 Bc5 11. Nce2 d6 12. h3 e5 13. c3 h5 14. hxg4 Nxg4
15. Qe1 Ba7 16. Kh1 exd4 17. cxd4 Qe7 18. f5 Bd7 19. Qg3 Rd8 20. Ba5 Rc8 21.
Bb4 Bb8 22. Nf4 Qg5 23. Rae1 O-O 24. Re2 h4 25. Qh3 Nf6 26. Nd5 Rc1 27. Rxc1
Qxc1+ 28. Kh2 Qg5 29. Bd2 Qh5 30. Nf4 Qg4 31. Qxg4 Nxg4+ 32. Kh3 Nf6 33. e5
dxe5 34. dxe5 g5 35. exf6 gxf4 36. Bb4 Re8 37. Be7 f3 38. gxf3 Bg3 39. Kg4 Rc8
40. Be4 Bc6 41. Rc2 Kh7 42. Rd2 Kh6 43. Bd8 Be5 44. b3 a5 45. Rd1 a4 46. bxa4
Bxa4 47. Rd2 Bc6 48. Bc2 Bc3 49. Rd1 Bb5 50. Bb3 Bc4 51. Rh1 Be1 52. Rxe1 Bxb3
53. Rh1 Rc4+ 54. f4 1-0

[Event "Plzen, FSB A"]
[Site "?"]
[Date "2004.??.??"]
[Round "8.7"]
[White "Sikora-Lerch, J."]
[Black "Gajewski, G."]
[Result "1/2-1/2"]
[WhiteElo "2320"]
[BlackElo "2439"]
[PlyCount "52"]
[EventDate "2004.??.??"]
[Source "ChessBase"]
[SourceDate "1996.11.15"]

1. c4 b6 2. b3 Bb7 3. Bb2 e6 4. Nf3 f5 5. g3 Nf6 6. Bg2 Be7 7. O-O O-O 8. d3 c5
9. e4 fxe4 10. Ng5 Nc6 11. dxe4 h6 12. Nh3 e5 13. f4 d6 14. Nc3 Nd4 15. Nd5 Rc8
16. Kh1 Nxd5 17. exd5 Nf5 18. fxe5 dxe5 19. g4 Nh4 20. Rxf8+ Qxf8 21. Qd2 Nf3
22. Qe3 e4 23. Rf1 Re8 24. Bxf3 exf3 25. Nf4 Bf6 {44 tahu} 26. Bxf6 Qxf6
1/2-1/2

[Event "Plzen, FSB A"]
[Site "?"]
[Date "2004.??.??"]
[Round "8.9"]
[White "Galicek, S."]
[Black "Jurek, J."]
[Result "0-1"]
[WhiteElo "2181"]
[BlackElo "2387"]
[PlyCount "92"]
[EventDate "2004.??.??"]
[Source "ChessBase"]
[SourceDate "1996.11.15"]

1. d4 e6 2. c4 Nf6 3. Nc3 d5 4. Bg5 Nbd7 5. e3 c6 6. Nf3 Qa5 7. Nd2 dxc4 8.
Bxf6 Nxf6 9. Nxc4 Qc7 10. g3 Nd5 11. Bg2 Nxc3 12. bxc3 Be7 13. O-O O-O 14. Qb3
b6 15. Nd2 e5 16. dxe5 Be6 17. c4 Rad8 18. Rfd1 Qxe5 19. Rac1 Qa5 20. Nf3 Bf6
21. Nd4 Bxd4 22. exd4 b5 23. Bf1 Bg4 24. f3 Be6 25. Qb2 a6 26. d5 cxd5 27. cxb5
axb5 28. Bxb5 d4 29. a4 Rd6 30. Kg2 Rfd8 31. Qe2 h6 32. Qd3 Bd5 33. Kf2 Rf6 34.
f4 Rfd6 35. Qd2 Qa8 36. Re1 d3 37. Re3 Be4 38. Rc7 Qb8 39. Re7 Bg6 40. g4 Rd4
41. Rf3 Be4 42. Re3 Qxf4+ 43. Kg1 Qxg4+ 44. Rg3 Qh5 45. Be8 Bg6 46. Qf2 d2 0-1

[Event "Plzen, FSB A"]
[Site "?"]
[Date "2004.??.??"]
[Round "8.10"]
[White "Tuma, J."]
[Black "Michalek, J."]
[Result "1/2-1/2"]
[WhiteElo "2192"]
[BlackElo "2377"]
[PlyCount "84"]
[EventDate "2004.??.??"]
[Source "ChessBase"]
[SourceDate "1996.11.15"]

1. e4 c5 2. Nf3 Nc6 3. d4 cxd4 4. Nxd4 Nf6 5. Nc3 e5 6. Ndb5 d6 7. a4 a6 8. Na3
Bg4 9. f3 Be6 10. Bc4 Rc8 11. Nd5 Nd4 12. O-O Bxd5 13. exd5 Be7 14. f4 Qd7 15.
Qd3 O-O 16. c3 b5 17. Ba2 b4 18. Nc4 bxc3 19. bxc3 Nxd5 20. Bb1 g6 21. cxd4 Qc6
22. Nxd6 Bxd6 23. fxe5 Qxc1 24. exd6 Qg5 25. Ba2 Nb4 26. Bxf7+ Rxf7 27. Qb3 Qd5
28. Qxb4 Rb7 29. Qd2 Rd7 30. Rac1 Rxc1 31. Rxc1 Qxd6 32. Rd1 Qa3 33. a5 Rd5 34.
Qe2 Qxa5 35. Qe8+ Kg7 36. Qe7+ Kg8 37. Rf1 Rf5 38. Rb1 Rf7 39. Qe6 Qd2 40. Qe8+
Kg7 41. Qe5+ Kh6 42. h3 Qf2+ 1/2-1/2

[Event "Plzen, FSB A"]
[Site "?"]
[Date "2004.??.??"]
[Round "8.11"]
[White "Chalus, K."]
[Black "Petr, M."]
[Result "0-1"]
[WhiteElo "2123"]
[BlackElo "2307"]
[PlyCount "74"]
[EventDate "2004.??.??"]
[Source "ChessBase"]
[SourceDate "1996.11.15"]

1. e4 c5 2. Nf3 d6 3. d4 cxd4 4. Nxd4 Nf6 5. Nc3 a6 6. Be2 e6 7. O-O Be7 8. a4
Nc6 9. Be3 O-O 10. a5 Nxa5 11. f4 Nc6 12. g4 Re8 13. g5 Nd7 14. h4 Bf8 15. Ndb5
Nb6 16. Kg2 axb5 17. Rxa8 Nxa8 18. Nxb5 d5 19. e5 Nb6 20. c3 Nc4 21. Bc1 Qb6
22. Nd4 Nxb2 23. Qc2 Nc4 24. Bd3 g6 25. h5 Ne7 26. Nf3 Nf5 27. Bxf5 exf5 28.
Qd3 Be6 29. Nd4 Ra8 30. Qh3 Bg7 31. Rh1 Ra2+ 32. Kg3 Qa5 33. hxg6 hxg6 34. Qh7+
Kf8 35. Nxe6+ fxe6 36. Qxg6 Qxc3+ 37. Kh4 Qf3 0-1

[Event "Plzen, FSB A"]
[Site "?"]
[Date "2004.??.??"]
[Round "8.12"]
[White "Cifka, S."]
[Black "Simunek, A."]
[Result "0-1"]
[WhiteElo "2302"]
[BlackElo "2200"]
[PlyCount "40"]
[EventDate "2004.??.??"]
[Source "ChessBase"]
[SourceDate "1996.11.15"]

1. c4 e5 2. Nc3 Nc6 3. g3 d6 4. Bg2 Be6 5. d3 Qd7 6. Rb1 Nge7 7. Nd5 Nd8 8. d4
c6 9. Nxe7 Bxe7 10. d5 Bg4 11. h3 Bf5 12. e4 Bg6 13. Ne2 f5 14. Nc3 O-O 15. h4
fxe4 16. Nxe4 cxd5 17. cxd5 Qb5 18. h5 Bxe4 19. a4 Qb4+ 20. Bd2 Qc4 0-1

[Event "Plzen, FSB A"]
[Site "?"]
[Date "2004.??.??"]
[Round "8.13"]
[White "Reitinger, P."]
[Black "Rehorek, M."]
[Result "0-1"]
[WhiteElo "2090"]
[BlackElo "2300"]
[PlyCount "76"]
[EventDate "2004.??.??"]
[Source "ChessBase"]
[SourceDate "1996.11.15"]

1. f4 c5 2. Nf3 Nf6 3. b3 e6 4. Bb2 Be7 5. e3 d6 6. Bb5+ Nbd7 7. O-O a6 8.
Bxd7+ Bxd7 9. d3 O-O 10. Qe2 b5 11. Nbd2 Bc6 12. e4 d5 13. Bxf6 Bxf6 14. e5 Be7
15. d4 b4 16. Rfd1 Bb5 17. Qf2 Qb6 18. Kh1 Rfc8 19. dxc5 Bxc5 20. Qg3 Bf2 21.
Qg4 Rxc2 22. f5 exf5 23. Qxf5 Qg6 24. Qxg6 hxg6 25. Nf1 Rd8 26. Nd4 Rb2 27.
Nxb5 axb5 28. Rd2 Rxd2 29. Nxd2 Bd4 30. Rd1 Bxe5 31. Nf3 Bc3 32. Nd4 Ra8 33. g3
Rxa2 34. Nxb5 Rb2 35. Rxd5 Rxb3 36. Rc5 Bf6 37. Rc8+ Kh7 38. Rb8 Rd3 0-1

[Event "Plzen, FSB A"]
[Site "?"]
[Date "2004.??.??"]
[Round "8.15"]
[White "Zawadzka, J."]
[Black "Toman, Jar"]
[Result "1-0"]
[WhiteElo "2272"]
[BlackElo "2145"]
[PlyCount "85"]
[EventDate "2004.??.??"]
[Source "ChessBase"]
[SourceDate "1996.11.15"]

1. e4 d6 2. d4 Nf6 3. Nc3 g6 4. f4 Bg7 5. Nf3 O-O 6. Be3 b6 7. Qe2 Ba6 8. Qd2
Bb7 9. Bd3 c5 10. d5 Na6 11. f5 Nc7 12. Bh6 b5 13. Bxg7 Kxg7 14. b3 b4 15. Ne2
e6 16. dxe6 Nxe4 17. Qf4 Qf6 18. O-O Qxf5 19. e7 Rfe8 20. Qxf5 gxf5 21. Nh4 Bc8
22. Nxf5+ Bxf5 23. Rxf5 Rxe7 24. Raf1 Rf8 25. R1f4 d5 26. Rg4+ Kh8 27. Nf4 Rd8
28. Rh4 Rd6 29. Rfh5 h6 30. Rxh6+ Rxh6 31. Rxh6+ Kg7 32. Rc6 Rd7 33. Rxc7 Rxc7
34. Nxd5 Rd7 35. Bxe4 f5 36. Bf3 Rd6 37. Kf2 Ra6 38. Be2 Rd6 39. Ne3 Kf6 40.
Kf3 Rd4 41. Bd3 f4 42. Ng4+ Kg5 43. Nf2 1-0

[Event "Plzen, FSB A"]
[Site "?"]
[Date "2004.??.??"]
[Round "8.16"]
[White "Kriz, L."]
[Black "Studnicka, T."]
[Result "0-1"]
[WhiteElo "2072"]
[BlackElo "2302"]
[PlyCount "74"]
[EventDate "2004.??.??"]
[Source "ChessBase"]
[SourceDate "1996.11.15"]

1. e4 c5 2. Nf3 Nc6 3. d4 cxd4 4. Nxd4 g6 5. Nxc6 bxc6 6. c4 Bg7 7. Qc2 Nf6 8.
Be2 O-O 9. O-O d5 10. cxd5 cxd5 11. exd5 Nxd5 12. Nc3 Nxc3 13. bxc3 Bf5 14. Qd2
Rc8 15. Qxd8 Rfxd8 16. Be3 Bxc3 17. Rad1 Rxd1 18. Rxd1 a5 19. Bb5 Kg7 20. a4 e5
21. h3 Be6 22. Bb6 Bb4 23. Kh2 h6 24. Kg1 g5 25. Kh2 Kg6 26. Kg1 f5 27. Kh2 e4
28. f3 exf3 29. gxf3 Bb3 30. Rd7 Rc2+ 31. Kh1 Kh5 32. Rh7 Kh4 33. Rxh6+ Kg3 34.
Rc6 Rd2 35. Bc7+ f4 36. Bf1 Bd5 37. Rc1 Rd1 0-1

[Event "Plzen, FSB A"]
[Site "?"]
[Date "2004.??.??"]
[Round "8.17"]
[White "Franchini, G."]
[Black "Vrchotka, J."]
[Result "1-0"]
[WhiteElo "2215"]
[BlackElo "2103"]
[PlyCount "49"]
[EventDate "2004.??.??"]
[Source "ChessBase"]
[SourceDate "1996.11.15"]

1. e4 c6 2. d4 g6 3. h4 Bg7 4. Nc3 d6 5. Be3 Nd7 6. Qd2 b5 7. O-O-O Nb6 8. h5
Nf6 9. h6 Bf8 10. f3 e6 11. d5 exd5 12. exd5 b4 13. Ne4 Nbxd5 14. Nxf6+ Nxf6
15. Qxb4 Be7 16. Qa4 O-O 17. Qxc6 Be6 18. Ne2 Qa5 19. Nc3 Bd7 20. Qa6 Qc7 21.
Bf4 Rfc8 22. Bxd6 Qd8 23. Bxe7 Qxe7 24. Qd6 Qd8 25. Qe5 1-0

[Event "Plzen, FSB A"]
[Site "?"]
[Date "2004.??.??"]
[Round "8.18"]
[White "Simunek, F."]
[Black "Purnoch, J."]
[Result "1-0"]
[WhiteElo "1877"]
[BlackElo "2184"]
[PlyCount "53"]
[EventDate "2004.??.??"]
[Source "ChessBase"]
[SourceDate "1996.11.15"]

1. e4 c5 2. Nf3 d6 3. d4 cxd4 4. Nxd4 Nf6 5. Nc3 a6 6. a4 Nc6 7. Be2 e6 8. Be3
Be7 9. O-O O-O 10. Kh1 Qc7 11. f4 Re8 12. Bf3 Rb8 13. Qe1 Nd7 14. Qg3 Bf8 15.
f5 Nxd4 16. Bxd4 Ne5 17. f6 Kh8 18. Bh5 g6 19. Be2 Qa5 20. Rf4 Nd7 21. Rh4 h6
22. Rf1 e5 23. Be3 Kh7 24. Bxh6 Kg8 25. Qxg6+ fxg6 26. f7+ Kh7 27. Bxf8# 1-0

[Event "Plzen, FSB A"]
[Site "?"]
[Date "2004.??.??"]
[Round "8.19"]
[White "Bujak, M."]
[Black "de Cauter, W."]
[Result "1-0"]
[WhiteElo "2179"]
[BlackElo "2089"]
[PlyCount "103"]
[EventDate "2004.??.??"]
[Source "ChessBase"]
[SourceDate "1996.11.15"]

1. Nf3 g6 2. g3 c6 3. c4 Bg7 4. Bg2 d6 5. d4 Qc7 6. O-O Bg4 7. Nc3 Qc8 8. Re1
h5 9. h4 Na6 10. Bf4 Nc7 11. d5 c5 12. e4 f6 13. Qd3 Nh6 14. Nh2 Bd7 15. Bd2
Nf7 16. f4 Rb8 17. a4 b6 18. Nb5 a6 19. Nxc7+ Qxc7 20. e5 Bf5 21. Be4 Bxe4 22.
Qxe4 f5 23. Qe2 O-O 24. Nf3 b5 25. axb5 axb5 26. cxb5 c4 27. Bc3 Qc5+ 28. Kh2
Qxd5 29. Rad1 Qxb5 30. Nd4 Qb7 31. Ne6 d5 32. Nxg7 Nh6 33. Ne6 Ng4+ 34. Kg1
Qb6+ 35. Nd4 e6 36. Ra1 Ra8 37. Ra3 Ra6 38. Rea1 Rfa8 39. Qd2 Kf7 40. Qc1 R8a7
41. R1a2 Ra8 42. Qa1 Rxa3 43. Rxa3 Rxa3 44. bxa3 Ne3 45. Qc1 Ng4 46. Qb2 Qxb2
47. Bxb2 Ne3 48. a4 Nd1 49. Ba3 c3 50. a5 Nb2 51. a6 Nc4 52. Bc5 1-0

[Event "Plzen, FSB A"]
[Site "?"]
[Date "2004.??.??"]
[Round "8.20"]
[White "Vasicek, M."]
[Black "Vrana, J."]
[Result "1/2-1/2"]
[WhiteElo "2175"]
[BlackElo "2074"]
[PlyCount "37"]
[EventDate "2004.??.??"]
[Source "ChessBase"]
[SourceDate "1996.11.15"]

1. d4 d5 2. Nf3 Nf6 3. Bf4 e6 4. Nbd2 Be7 5. e3 O-O 6. Ne5 b6 7. c3 c5 8. Bd3
Bb7 9. Qf3 Nc6 10. Qh3 g6 11. Bh6 Re8 12. f4 Rc8 13. Ndf3 Ne4 14. O-O Rc7 15.
Rad1 Nxe5 16. Nxe5 c4 17. Bc2 b5 18. g4 a5 19. Qg2 1/2-1/2

[Event "Plzen, FSB A"]
[Site "?"]
[Date "2004.??.??"]
[Round "8.21"]
[White "Hlavac, R."]
[Black "Jenicek, E."]
[Result "1/2-1/2"]
[WhiteElo "2165"]
[BlackElo "2021"]
[PlyCount "49"]
[EventDate "2004.??.??"]
[Source "ChessBase"]
[SourceDate "1996.11.15"]

1. e4 e5 2. Nf3 Nc6 3. Bb5 a6 4. Ba4 Nf6 5. d4 exd4 6. O-O Be7 7. e5 Ne4 8.
Nxd4 Nxd4 9. Qxd4 Nc5 10. Nc3 O-O 11. Bg5 Bxg5 12. Qxc5 Be7 13. Qe3 d5 14. exd6
Qxd6 15. Rfe1 Be6 16. Rad1 Qc5 17. Nd5 Bxd5 18. Qxe7 Qxe7 19. Rxe7 Bxa2 20.
Rxc7 b5 21. Bb3 Bxb3 22. cxb3 Rfd8 23. Rxd8+ Rxd8 24. Kf1 g6 25. Ke2 1/2-1/2

[Event "Plzen, FSB A"]
[Site "?"]
[Date "2004.??.??"]
[Round "8.22"]
[White "Valickova, M."]
[Black "Havlik, J."]
[Result "0-1"]
[WhiteElo "2063"]
[BlackElo "2136"]
[PlyCount "29"]
[EventDate "2004.??.??"]
[Source "ChessBase"]
[SourceDate "1996.11.15"]

1. e4 c5 2. Nf3 a6 3. c4 Nc6 4. d4 cxd4 5. Nxd4 e6 6. Nc3 Bc5 7. Nxc6 bxc6 8.
Bd3 Ne7 9. O-O O-O 10. Kh1 f5 11. f4 d5 12. e5 Ba7 13. b4 dxc4 14. Bxc4 Nd5 15.
Qb3 0-1

[Event "Plzen, FSB A"]
[Site "?"]
[Date "2004.??.??"]
[Round "8.23"]
[White "Novy, V."]
[Black "Wiesinger, R."]
[Result "0-1"]
[WhiteElo "2093"]
[BlackElo "2265"]
[PlyCount "62"]
[EventDate "2004.??.??"]
[Source "ChessBase"]
[SourceDate "1996.11.15"]

1. e4 e5 2. Nf3 Nc6 3. d4 exd4 4. Nxd4 Nf6 5. Nxc6 bxc6 6. e5 Qe7 7. Qe2 Nd5 8.
c4 Ba6 9. g3 O-O-O 10. Bg2 f6 11. e6 Nb6 12. b3 Re8 13. O-O Qxe6 14. Qd2 Bb7
15. Nc3 Bb4 16. Bb2 h5 17. a3 Bxc3 18. Qxc3 h4 19. a4 h3 20. Rfe1 Qf5 21. Bh1
c5 22. Bxb7+ Kxb7 23. a5 Nc8 24. b4 cxb4 25. Qxb4+ Ka8 26. Qb3 Nd6 27. Bd4
Rxe1+ 28. Rxe1 Rb8 29. Qc3 Rb1 30. Kf1 Rxe1+ 31. Kxe1 Qe6+ 0-1

[Event "Plzen, FSB A"]
[Site "?"]
[Date "2004.??.??"]
[Round "8.24"]
[White "Koth, S."]
[Black "Bukacek, L."]
[Result "1-0"]
[WhiteElo "2190"]
[BlackElo "2091"]
[PlyCount "177"]
[EventDate "2004.??.??"]
[Source "ChessBase"]
[SourceDate "1996.11.15"]

1. c4 c5 2. Nc3 g6 3. g3 Bg7 4. Bg2 Nc6 5. e3 e5 6. Nge2 Nge7 7. O-O O-O 8. b3
d6 9. Bb2 Bg4 10. h3 Be6 11. Rc1 f5 12. f4 Rc8 13. Kh2 Qd7 14. d3 a6 15. d4
exd4 16. exd4 Nxd4 17. Na4 Nxe2 18. Nb6 Qc7 19. Qxe2 Qxb6 20. Qxe6+ Rf7 21. Bd5
Rcf8 22. Qxe7 Bxb2 23. Rce1 Kg7 24. Bxf7 Rxf7 25. Qe8 Qb4 26. Rf2 Bf6 27. Re6
b5 28. cxb5 axb5 29. Rxd6 Re7 30. Rd7 Qe1 31. Rg2 b4 32. Rxe7+ Bxe7 33. Qd7 h5
34. Qd2 Qxd2 35. Rxd2 Bf6 36. Rd7+ Kf8 37. Kg2 Be7 38. Kf3 Kf7 39. Ke3 Ke6 40.
Ra7 Bd6 41. Rg7 Kf6 42. Ra7 Ke6 43. Kd3 h4 44. gxh4 Bxf4 45. Ra6+ Bd6 46. Ke3
Ke5 47. Kf3 Ke6 48. Ra8 Kf6 49. Rc8 Kf7 50. Rh8 Kg7 51. Rd8 Be5 52. Rd5 Bd4 53.
Kf4 Kh6 54. Rd7 Bf6 55. Rc7 Bd4 56. Rc8 Kh5 57. Rc7 Kh6 58. h5 Bg1 59. Rc8 Bh2+
60. Kf3 Kxh5 61. Rxc5 Bd6 62. Rd5 Bf8 63. Rd8 Be7 64. Rd7 Bf8 65. Kf4 Bh6+ 66.
Kg3 Be3 67. Kf3 Bc5 68. Kf4 Kh6 69. h4 Bg1 70. Kf3 Bc5 71. Kg3 Be3 72. Rb7 Bc5
73. Rd7 Be3 74. Kf3 Bc5 75. Kf4 Bg1 76. Ke5 Bf2 77. Rb7 Bxh4 78. Rxb4 Bg3+ 79.
Kd4 g5 80. a4 g4 81. Ke3 Kg5 82. a5 f4+ 83. Ke2 f3+ 84. Kf1 Bh2 85. Kf2 Bd6 86.
Rc4 Bb8 87. Rc8 Bd6 88. a6 Kf4 89. Rc4+ 1-0

[Event "Plzen, FSB A"]
[Site "?"]
[Date "2004.??.??"]
[Round "8.25"]
[White "Jaros, M."]
[Black "Hejl, J."]
[Result "1-0"]
[WhiteElo "2169"]
[BlackElo "2081"]
[PlyCount "37"]
[EventDate "2004.??.??"]
[Source "ChessBase"]
[SourceDate "1996.11.15"]

1. e4 c5 2. Nf3 d6 3. Bb5+ Bd7 4. Bxd7+ Qxd7 5. O-O Nc6 6. c3 g6 7. d4 cxd4 8.
cxd4 Bg7 9. Nc3 Nf6 10. d5 Na5 11. e5 dxe5 12. Nxe5 Qc7 13. Qa4+ Kf8 14. Bf4
Qc5 15. Rac1 g5 16. Bg3 h5 17. b4 Qc8 18. h3 g4 19. h4 1-0

[Event "Plzen, FSB A"]
[Site "?"]
[Date "2004.??.??"]
[Round "8.26"]
[White "Spiesberger, G."]
[Black "Kana, P."]
[Result "1/2-1/2"]
[WhiteElo "2070"]
[BlackElo "2159"]
[PlyCount "70"]
[EventDate "2004.??.??"]
[Source "ChessBase"]
[SourceDate "1996.11.15"]

1. e4 Nf6 2. Nc3 d5 3. exd5 Nxd5 4. d4 Bf5 5. Bd3 Qd7 6. Bxf5 Qxf5 7. Nxd5 Qxd5
8. Nf3 Nc6 9. O-O O-O-O 10. Qe2 Nxd4 11. Nxd4 Qxd4 12. Be3 Qe4 13. Rad1 Rd6 14.
Qb5 Qc6 15. Qf5+ Qd7 16. Qf3 e5 17. Bxa7 Qe6 18. Rde1 g6 19. Bc5 Rd5 20. Bxf8
Rxf8 21. Qa3 Rfd8 22. Qa8+ Kd7 23. Qxb7 Qc6 24. Qb3 f5 25. Qxd5+ Qxd5 26. Rd1
Kc6 27. Rxd5 Rxd5 28. Rc1 e4 29. Kf1 Rd2 30. Re1 Rxc2 31. Re2 Rc1+ 32. Re1 Rc2
33. Re2 Rc1+ 34. Re1 Rc2 35. Re2 Rc1+ 1/2-1/2

[Event "Plzen, FSB A"]
[Site "?"]
[Date "2004.??.??"]
[Round "8.27"]
[White "Pokrupa, M."]
[Black "Sedlacek, J."]
[Result "1-0"]
[WhiteElo "2122"]
[BlackElo "2069"]
[PlyCount "71"]
[EventDate "2004.??.??"]
[Source "ChessBase"]
[SourceDate "1996.11.15"]

1. e4 c5 2. Nf3 e6 3. d4 cxd4 4. Nxd4 a6 5. g3 b5 6. Bg2 Bb7 7. O-O Nf6 8. Re1
Qc7 9. Nc3 d6 10. a4 bxa4 11. Nd5 exd5 12. exd5+ Kd8 13. Bg5 Be7 14. Nf5 Re8
15. Nxg7 Rg8 16. Qe2 Nxd5 17. Bh6 Nf6 18. Bxb7 Qxb7 19. Nf5 Bf8 20. Bxf8 Rxf8
21. Nxd6 Qa7 22. Rxa4 Nfd7 23. Rc4 Nb6 24. Rc3 Qd7 25. Rd1 Ra7 26. Nf5 Re8 27.
Rxd7+ Rxd7 28. Qg4 Nd5 29. Rc5 f6 30. Qc4 Nb6 31. Qb4 Re6 32. Nd4 Red6 33. c3
Ke8 34. Kg2 Rd8 35. Nf5 Rd5 36. Qxb6 1-0

[Event "Plzen, FSB A"]
[Site "?"]
[Date "2004.??.??"]
[Round "8.28"]
[White "Jenicek, M."]
[Black "Vachtfeidl, P."]
[Result "1/2-1/2"]
[WhiteElo "2117"]
[BlackElo "2060"]
[PlyCount "118"]
[EventDate "2004.??.??"]
[Source "ChessBase"]
[SourceDate "1996.11.15"]

1. e4 c5 2. Nf3 d6 3. Bb5+ Nd7 4. d4 Ngf6 5. Nc3 cxd4 6. Qxd4 e5 7. Qd3 h6 8.
O-O Be7 9. Nd5 Nxd5 10. Qxd5 O-O 11. Bxd7 Qxd7 12. c4 Qc6 13. Qxc6 bxc6 14. b3
f5 15. exf5 Bxf5 16. Ba3 c5 17. Rfe1 a5 18. Nd2 Rfb8 19. f3 a4 20. Bb2 Bg5 21.
Ne4 Bxe4 22. Rxe4 axb3 23. axb3 Rxa1+ 24. Bxa1 Rxb3 25. Kf2 Ra3 26. Bb2 Ra2 27.
Re2 Kf7 28. g3 h5 29. h4 Bf6 30. Bc3 Rxe2+ 31. Kxe2 Ke6 32. Kd3 d5 33. Ba5 Be7
34. Bd2 Bd6 35. Be1 e4+ 36. fxe4 dxc4+ 37. Kxc4 g6 38. Kd3 Be5 39. Bf2 Bb8 40.
Be1 Bc7 41. Bf2 Bb6 42. Be1 Bc7 43. Bf2 Be5 44. Kc4 Bd6 45. Kd3 Ke5 46. Be1 c4+
47. Ke3 Bc5+ 48. Kf3 Bd4 49. g4 hxg4+ 50. Kxg4 Kxe4 51. Kg5 Be3+ 52. Kxg6 Kd3
53. h5 Bd2 54. Bxd2 Kxd2 55. h6 c3 56. h7 c2 57. h8=Q c1=Q 58. Qh6+ Kc2 59.
Qxc1+ Kxc1 1/2-1/2